Estabilización de los gases atmosféricos de efecto invernadero: implicaciones físicas, biológicas y socioeconómicas

Bibliographic Details
Main Author: Houghton, John T.
Format: Section = Libro
Language:Undetermined
Spanish
Published: Ecuador [s.e] 1997
Subjects:
LEADER 00710nam a2200217Ia 4500
008 241007s9999||||xx |||||||||||||| ||und||
020 |a 92-9169-302-2 
040 |a BIBLIOTECA-RURC/ 544.4 H838 
041 |a spa 
082 |a 544.4 H838 
100 1 |a Houghton, John T. 
245 1 0 |a Estabilización de los gases atmosféricos de efecto invernadero: implicaciones físicas, biológicas y socioeconómicas 
260 |a Ecuador  |b [s.e]  |c 1997 
300 |a 50 p. :il. 
650 7 |a IMPLICACIONES GEOFISICAS DE LA ESTABILIZACIÓN DE GASES 
650 7 |b IMPACTOS, COSTOS DE MITIGACIÓN 
650 7 |c  ESTABILIZACIÓN - GASES DE EFECTO 
650 7 |d INVERNADERO 
942 |c BK  |2 ddc 
991 |a TEXTO 
999 |c 14416